Το πρώτο ελληνικό σύνταγμα : νέα πολιτική διοίκησις, 1797
Αποθηκεύτηκε σε:
| Κύριος συγγραφέας: | |
|---|---|
| Άλλοι συγγραφείς: | |
| Μορφή: | Βιβλίο |
| Γλώσσα: | Greek |
| Δημοσίευση: |
Βελεστίνο :
Δήμος Ρήγα Φεραίου,
2021.
|
| Θέματα: | |
| Ετικέτες: |
Προσθήκη ετικέτας
Δεν υπάρχουν, Καταχωρήστε ετικέτα πρώτοι!
|
MARC
| LEADER | 00000cam a2200000 a 4500 | ||
|---|---|---|---|
| 001 | 1/124287 | ||
| 008 | 220201s2021####gr | ||| |||| ||gre|| | ||
| 020 | |a 9789606733239 | ||
| 040 | |a GR-MyUa |b gre |c GR-MyUa |e AACR2 | ||
| 041 | 1 | |a gre |k fre | |
| 082 | 7 | |a 342 |2 (23) | |
| 100 | 0 | |a Ρήγας Βελεστινλής, |d 1757-1798. | |
| 245 | 1 | 3 | |a Το πρώτο ελληνικό σύνταγμα : |b νέα πολιτική διοίκησις, 1797 / |c Ρήγας Βελεστινλής ; εισαγγωγή, επιμέλεια, ευρετήριο: Δρ. Δημητρίου Καραμπερόπουλου. |
| 260 | |a Βελεστίνο : |b Δήμος Ρήγα Φεραίου, |c 2021. | ||
| 300 | |a 165 σ. ; |c 21 εκ. | ||
| 500 | |a Μετάφραση του κειμένου του συντάγματος από τα γαλλικά στα ελληνικά σε αντικριστές σελίδες | ||
| 504 | |a Περιλαμβάνει βιβλιογραφικές παραπομπές και ευρετήριο. | ||
| 650 | 0 | |a Constitutional law |z Greece. | |
| 650 | 0 | |a Constitutions |z Greece. | |
| 700 | 1 | |a Καραμπερόπουλος, Δημήτριος Απ., |d 1945- |e edt |e aui | |
| 852 | |a INST |b RHODES |e 20220201 |h 342 ΡΗΓ |p 005400042553 |q 005400042553 |t BK |y 0 | ||
| 970 | |z 01-02-2022 | ||